Europa: Geografie mit L - Statistiken

Allgemein
  • Dieses Quiz wurde 281 mal gespielt
  • Das Durchschnittsergebnis liegt bei 11 aus 16
Antwortstatistiken
Hinweis Antwort % Korrekt
Trafalgar Square, Buckingham Palace oder die Tower Bridge gehören zu den Sehenswürdigkeiten dieser Stadt London
100%
Nenne einen der mit L beginnenden Baltischen Staaten Lettland | Litauen
99%
Zwischen Österreich und der Schweiz gelegenes kleines Fürstentum Liechtenstein
99%
Großherzogtum mit gleichnamiger Hauptstadt Luxemburg
94%
Schottisch für "See", z. B. in ____ Lomond und ____ Ness Loch
91%
Längster Fluss Frankreichs Loire
76%
Nach den Langobarden benannte Region in Norditalien mit Mailand als größter Stadt Lombardei
75%
Bairro Alto, Alfama und Baixa sind Stadtteile dieser Hauptstadt Lissabon
69%
Europäische Hauptstadt, die auf Deutsch früher "Laibach" hieß Ljubljana
65%
Größte Stadt im englischen Yorkshire Leeds
62%
Inselgruppe vor der Küste Nordnorwegens mit beeindruckender Landschaft Lofoten
51%
Am Genfersee gelegene Hauptstadt des Kantons Waadt Lausanne
48%
Name je einer Provinz in den Niederlanden und in Belgien sowie einer deutschen Stadt im Westen Hessens Limburg
43%
Mittelmeerinsel, auf der sich der südlichste Punkt Italiens befindet Lampedusa
40%
Region im Osten Frankreichs mit den Städten Metz und Nancy, die nach einem Enkel Karls des Großen benannt wurde Lothringen
39%
Größter See Europas, östlich von St. Petersburg gelegen Ladogasee
31%
Keine übereinstimmenden Quizze gefunden
Verteilung der Resultate
Anzahl Personen mit jedem Resultat
Perzentil nach korrekt beantworteten Fragen
Ihre Resultats-Entwicklung
Sie haben dieses Quiz noch nicht gespielt